LIBRARY & INFORMATION CENTRE, KCAET, TAVANUR

ONLINE PUBLIC ACCESS CATALOGUE (OPAC)

Capital and Employment / (Record no. 12474)

MARC details
000 -LEADER
fixed length control field 00344cam a2200145ua 4500
041 ## - LANGUAGE CODE
Language code of text/sound track or separate title eng
082 ## - DEWEY DECIMAL CLASSIFICATION NUMBER
Classification number 332.041
Item number HAW/CA
100 ## - MAIN ENTRY--AUTHOR NAME
Personal name Hawtrer, R.G .
245 ## - TITLE STATEMENT
Title Capital and Employment /
260 ## - PUBLICATION, DISTRIBUTION, ETC. (IMPRINT)
Place of publication London :
Name of publisher Longman ,
Year of publication 1952.
300 ## - PHYSICAL DESCRIPTION
Number of Pages 337 ; .
942 ## - ADDED ENTRY ELEMENTS (KOHA)
Koha item type Books
Holdings
Withdrawn status Lost status Damaged status Home library Current library Date acquired Full call number Accession Number Koha item type
Withdrawn     KAUAET Sanskrit University 07/04/2012 332.041 664 Books
free website counter